00000000cam 2200000zi 4500
0019.944834
003CaOODSP
00520260409102053
006m     o  d f      
007cr mn|||||||||
008241105t20252025onca    o    f000 0 eng d
020 |a9780660743356
040 |aCaOODSP|beng|erda|cCaOODSP
0410 |aeng|afre
043 |an-cn---
045 |ay2y2
0861 |aCi4-183/2-2025E-PDF
24500|a2024-25 IRCC annual tracking qualitative research : |bfinal report / |cprepared for Immigration, Refugees and Citizenship Canada.
24617|aImmigration, Refugees and Citizenship Canada : |b2024-25 IRCC annual tracking study
264 1|aOttawa ON : |bImmigration, Refugees and Citizenship Canada = Immigration, réfugiés et citoyenneté Canada, |c2025.
264 4|c©2025
300 |a1 online resource (49 pages) : |bcolour illustrations
336 |atext|btxt|2rdacontent
337 |acomputer|bc|2rdamedia
338 |aonline resource|bcr|2rdacarrier
500 |aIssued also in French under title: Étude de suivi annuelle d'IRCC, recherche qualitative 2024-2025 : rapport final.
500 |aTitle from cover.
500 |a"Supplier name: Ipsos."
500 |a"Contract number: CW2367990."
500 |a"Delivery date: March 31, 2025."
500 |a"Registration number: POR 016-24."
500 |aThe publication file in PDF format has been replaced on 7 April 2026 as requested by Immigration, Refugees and Citizenship Canada.
520 |a"Immigration, Refugees and Citizenship Canada (IRCC) conducts an ongoing research program, called the "Annual Tracking Study," to help the Department develop a better understanding of Canadian attitudes toward the issues surrounding citizenship and immigration. This report provides the qualitative findings from the 2024-25 wave of the Annual Tracking Study. The research objectives were to: provide an up-to-date picture of Canadians' attitudes to immigration; test awareness and reactions to the proposed 2025 levels for permanent and temporary residents; explore reactions to messages, infographics, and videos designed to instill public trust in the immigration system. …"--Executive summary, page 5.
546 |aText chiefly in English; includes some text in French.
650 0|aImmigrants|zCanada|xPublic opinion.
650 0|aRefugees|zCanada|xPublic opinion.
650 0|aPublic opinion|zCanada.
651 0|aCanada|xEmigration and immigration|xPublic opinion.
651 0|aCanada|xEmigration and immigration|xEconomic aspects|xPublic opinion.
651 0|aCanada|xEmigration and immigration|xGovernment policy|xPublic opinion.
7101 |aCanada. |bImmigration, Refugees and Citizenship Canada, |eissuing body.
7102 |aIpsos (Firm). |bPublic Affairs, |econsultant.
77508|tÉtude de suivi annuelle d'IRCC, recherche qualitative 2024-2025 : |w(CaOODSP)9.944836
795 |t2022-2023 IRCC annual tracking qualitative research : |w(CaOODSP)9.925632
85640|qPDF|s789 KB|uhttps://publications.gc.ca/collections/collection_2025/ircc/Ci4-183-2-2025-eng.pdf|z(final report)
8564 |qHTML|sN/A|uhttps://epe.bac-lac.gc.ca/100/200/301/pwgsc-tpsgc/por-ef/immigration_refugees/2025/016-24-e/016-24-report.html|z(final report)
8564 |qHTML|sN/A|uhttps://epe.bac-lac.gc.ca/100/200/301/pwgsc-tpsgc/por-ef/immigration_refugees/2025/016-24-e/index.html|z(index)